[Event "EYCC 2017"]
[Site "Mamaia"]
[Date "2017.09.05"]
[Round "1"]
[White "Tomasi, Albert"]
[Black "Dabic, Stjepan"]
[Result "1-0"]
[WhiteElo "2229"]
[BlackElo "1881"]
[Annotator "TA"]
[PlyCount "69"]
[EventDate "2017.??.??"]
[EventType "swiss"]
[EventCountry "ROU"]
[SourceTitle "playchess.com"]
[Source "ChessBase"]
[SourceQuality "1"]

{[%evp 24,68,30,23,38,28,28,31,20,27,131,85,137,102,169,164,277,218,231,221,318,318,303,276,1015,1030,29986,29987,29987,29988,29988,29989,29986,29986,29985,29986,29991,29981,29981,29982,29974,29975,29997,29998,29998,29999,29999]} 1. e4 c5 2. Nf3 d6 3. d4 cxd4 4. Nxd4 Nf6 5. Nc3 g6 6. Be3 Bg7 7. f3 O-O 8. Qd2 Nc6 9. g4 Be6 10. Nxe6 fxe6 11. O-O-O Ne5 12. Be2 Qc8 {B76: Sicilian Dragon: Yugoslav Attack, 9 g4 and 9 0-0-0} 13. Rhe1 {LiveBook: 3 Games} Nfd7 14. f4 Nc4 {White has an edge.} 15. Bxc4 $1 Qxc4 16. e5 d5 $146 (16... Rac8 $11) ({Predecessor:} 16... Nb6 17. exd6 Rfd8 18. Bxb6 Rxd6 {1-0 (32) Kononenko,D (2616)-Vykouk,J (2439) Marianske Lazne 2017}) 17. Kb1 Rac8 ({Black should try} 17... g5) 18. Ne2 a5 (18... g5 $16) 19. h4 $18 {[%cal Bh2h4,Bh4h5,Bh5h6][%mdl 32]} Qa6 (19... Qb4 $142 20. Qxb4 axb4) 20. h5 g5 21. Nd4 Nc5 (21... Rf7 $142 22. f5 (22. fxg5 Nxe5 23. Bg1 Nc4 $16) 22... Nxe5) 22. h6 Bh8 23. f5 exf5 $2 {[#]} (23... Ne4 24. Qd3 exf5) 24. Nxf5 e6 25. Bxc5 {White mates.} Rxf5 26. gxf5 Rxc5 27. Qxg5+ Kf7 28. fxe6+ Qxe6 29. Qd8 Bxe5 {[#]} 30. Rxe5 $1 {[%mdl 512]} Qxe5 {KQR-KQR} 31. Qd7+ Kg6 32. Rg1+ Kxh6 33. Qh3+ Qh5 34. Qe3+ Qg5 35. Qxg5# {Precision: White = 82%, Black = 20%.} 1-0

[Event "EYCC 2017"]
[Site "Mamaia"]
[Date "2017.09.05"]
[Round "1"]
[White "Cvitan, Ena"]
[Black "Koehler, Inken"]
[Result "0-1"]
[WhiteElo "2224"]
[BlackElo "1893"]
[Annotator "TA"]
[PlyCount "96"]
[EventDate "2017.??.??"]
[EventType "swiss"]
[EventCountry "ROU"]
[SourceTitle "playchess.com"]
[Source "ChessBase"]
[SourceQuality "1"]

{[%evp 16,96,20,12,64,61,83,21,75,85,95,53,59,62,72,24,46,25,37,34,23,25,30,23,25,21,47,44,44,14,31,25,73,32,31,7,6,-1,-10,-80,-70,-196,-141,-181,-171,-209,-133,-125,-47,-263,-86,-86,-82,-72,-61,-393,-231,-214,-78,-78,-78,-78,-78,-78,-78,-78,-78,-78,-78,-78,-78,-78,-78,-78,-80,-435,-400,-12840,-12840,-12841,-112,-12841,-12842]} 1. d4 Nf6 2. c4 e6 3. Nc3 c5 4. e3 cxd4 5. exd4 d5 6. Nf3 Nc6 7. c5 Be7 8. Bb5 O-O 9. Bf4 {LiveBook: 13 Games. B14: Caro-Kann: Panov-Botvinnik Attack with 5...e6 and 5...g6} Qa5 (9... Ne4 $11) (9... Bd7 10. O-O Ne4 11. Qc2 a6 12. Bxc6 Bxc6 13. Ne5 Nxc3 14. bxc3 Bf6 15. Nxc6 bxc6 {½-½ (66) Ghaem Maghami,E (2556)-Sokolov,I (2626) Bandar e Anzali 2017}) 10. O-O $146 ({Predecessor:} 10. Qa4 Qxa4 11. Bxa4 Nb4 12. Ne5 Nh5 13. Be3 f6 14. Nf3 g5 15. O-O-O Nc6 16. a3 Ng7 {1-0 (38) Liakhovecky,A-Khaskelman,E (2180) Kiev 1998}) 10... Bd7 11. Qd2 (11. Bd3 $16) 11... Nb4 (11... b6 $11) 12. Be2 $16 Nc6 13. Rfb1 Ne4 14. Nxe4 dxe4 15. Qxa5 Nxa5 16. Ne5 Rfd8 17. b4 ({Of course not} 17. Nxd7 Rxd7 18. Be3 Nc6 $17) 17... Nc6 18. Nxc6 Bxc6 19. b5 Bd5 20. a4 Bf6 21. Rb4 Rac8 22. Rd1 Be7 23. Rbb1 f6 24. Bd2 Kf7 25. Ba5 Rd7 26. Rd2 f5 27. b6 (27. Rdd1 $11 {remains equal.}) 27... a6 28. Bb4 (28. Bc3 $1 $15) 28... Bg5 ({Black should play} 28... Bc6 $19 29. Bc3 Rcd8) 29. Rdd1 $17 Bc6 $1 30. Bc4 Bxa4 31. d5 Ke8 (31... Kg6 $17 32. d6 Bxd1 33. Rxd1 Kf7) 32. Rd4 $2 {[#]} (32. c6 $1 $15 bxc6 33. Bxa6) 32... e5 $2 (32... a5 $1 $19 {[%mdl 512]} 33. c6 (33. Bxa5 e5) 33... Bxc6 34. dxc6 Rxd4 35. cxb7 Rb8 36. Bb5+ Kf7 37. Bxa5 Bd2 38. Bxd2 Rxd2) 33. Rdd1 Bxd1 34. Rxd1 e3 {...exf2+ is the strong threat.} 35. Re1 $2 {[%mdl 8192]} (35. d6 $1 $15) 35... exf2+ (35... Be7 $142 36. Bb3 Bxc5 37. Bxc5 Rxc5) 36. Kxf2 $19 {Hoping for c6.} e4 (36... Be7 $19 {has better winning chances.} 37. Rxe5 Kd8) 37. c6 $17 bxc6 38. Bxa6 Rb8 $1 {[%cal Rb8b6]} 39. dxc6 Rxb6 40. cxd7+ Kxd7 41. Rd1+ Ke8 42. Bc8 {And now Rd4 would win.} Rxb4 43. Bxf5 {[%mdl 4096] Endgame KRB-KRB} e3+ 44. Ke1 Rb2 45. Be4 $2 {[%mdl 8192]} (45. Rd4 $17 {is more resistant.}) 45... Be7 {White must now prevent ...Bb4+.} 46. Bf3 (46. Bd3 $142 Bb4+ 47. Kf1 Rf2+ 48. Kg1) 46... Bb4+ $19 47. Kf1 {[#]} Rf2+ $1 48. Kg1 {[#]} Rxf3 $1 {[%mdl 512] Precision: White = 36%, Black = 53%.} 0-1

[Event "EYCC 2017"]
[Site "Mamaia"]
[Date "2017.09.05"]
[Round "1"]
[White "Antolak, Julia"]
[Black "Semonaviciute, Agne"]
[Result "1/2-1/2"]
[WhiteElo "2204"]
[BlackElo "1854"]
[Annotator "TA"]
[PlyCount "81"]
[EventDate "2017.??.??"]
[EventType "swiss"]
[EventCountry "ROU"]
[SourceTitle "playchess.com"]
[Source "ChessBase"]
[SourceQuality "1"]

{[%evp 9,81,62,99,49,61,46,66,40,76,63,95,-19,-22,-29,-17,-18,-12,-96,-103,-104,-93,-109,-114,-168,-110,-103,-104,-111,-86,-177,-145,-139,-74,-117,-30,-120,-128,-146,-134,-158,-150,-143,-154,-144,-149,-142,-146,-176,-160,-172,-95,-141,-117,-124,-120,-128,-112,-147,-101,-116,-110,-129,0,0,868,0,8,8,11,0,8,-11,11,0]} 1. e4 d6 2. d4 Nf6 3. Nc3 g6 4. f4 a6 (4... Bg7 5. a3 O-O 6. Nf3 Bg4 7. Be2 Nc6 8. d5 Nb8 9. h3 Bxf3 10. Bxf3 c6 11. Be3 Nbd7 12. O-O Rc8 13. Bd4 Nb6 14. b3 {½-½ (63) Anand,V (2783)-Nepomniachtchi,I (2751) Saint Louis 2017}) 5. Nf3 b5 6. a3 {B09: Pirc Defence: Austrian Attack} Bb7 7. Bd3 Nbd7 8. O-O {White is slightly better.} Bg7 9. Qe1 $146 (9. e5 $5 {[%cal Re5f6]}) ({Predecessor:} 9. Be3 O-O 10. Rc1 c5 11. Nd2 Rc8 12. e5 Nd5 13. Nxd5 Bxd5 14. c3 c4 15. Be4 Bxe4 16. Nxe4 d5 17. Ng3 e6 {½-½ (27) Bulau,A (1681)-Ungureanu,A (1507) Calimanesti 2015}) 9... O-O 10. f5 (10. e5 $1 $16) 10... c5 $11 11. e5 dxe5 12. dxe5 Ng4 {[%cal Rd7e5]} 13. Bf4 (13. Be4 $11 Bxe4 14. Qxe4 Ngxe5 15. Be3) 13... Bxf3 $17 14. gxf3 Ngxe5 15. Be4 Ra7 16. Qg3 (16. Bg5 $17) 16... e6 (16... Nc4 $1 $19 17. Bc1 e6 18. fxe6 fxe6) 17. fxe6 fxe6 18. Rae1 Nf7 19. Bc6 (19. Kh1 $17) 19... Bd4+ 20. Kh1 e5 (20... Nf6 $142 $1 {[%cal Rf6h5]} 21. Be3 Rc7) 21. Bc1 {[#]} Nf6 (21... Rc7 $1 $17 22. Be4 Bxc3 23. bxc3 Nf6) 22. Ne2 (22. Ne4 $11 {keeps the balance.}) 22... Rc7 23. Be4 {next c3 is good for White.} Nd6 $36 {[%mdl 2048] Black is on the roll.} 24. Nxd4 exd4 ({But not} 24... cxd4 25. Bd3 $15) 25. Bg5 {Bd5+! would now be nice for White.} Nfxe4 26. fxe4 {[#]} Rxf1+ $1 27. Rxf1 Qd7 28. Qf4 {[%csl Gf1][%cal Rf4f8]} Qf7 29. Bf6 Ne8 (29... Qe6 $19 30. Qe5 Qxe5 31. Bxe5 Rf7 32. Rxf7 Nxf7) 30. e5 Qd5+ 31. Kg1 {aiming for Be7!} Rf7 32. Rf2 Qe6 33. Qf3 Nc7 34. h4 Nd5 35. h5 Ne3 ({Better is} 35... gxh5 $17 {White must now prevent ...h4!} 36. Qxh5 Nxf6 37. exf6 Rxf6 38. Rxf6 Qxf6 39. Qxc5 Kg7) 36. hxg6 $11 Ra7 $2 {[%mdl 8192]} (36... hxg6 $11 37. Rh2 Rxf6 38. exf6 Nf5) 37. g7 $2 (37. gxh7+ $18 Rxh7 38. Qa8+ Kf7 39. Bh8+ Nf5 40. Qb7+ Ke8 41. Qxh7) 37... Qg4+ {The position is equal.} 38. Qxg4 Nxg4 39. Rf4 Ne3 40. Rf2 Ng4 41. Rf4 {Precision: White = 35%, Black = 47%.} 1/2-1/2

[Event "EYCC 2017"]
[Site "Mamaia"]
[Date "2017.09.05"]
[Round "1"]
[White "Sliwicka, Alicja"]
[Black "Conti, Anne-Marie"]
[Result "1-0"]
[WhiteElo "2204"]
[BlackElo "1887"]
[Annotator "TA"]
[PlyCount "97"]
[EventDate "2017.??.??"]
[EventType "swiss"]
[EventCountry "ROU"]
[SourceTitle "playchess.com"]
[Source "ChessBase"]
[SourceQuality "1"]

{[%evp 9,97,35,54,32,58,65,138,135,138,135,157,127,122,108,106,95,104,104,82,81,78,73,74,79,62,0,0,0,0,0,0,0,36,44,84,91,84,64,87,56,66,59,60,56,54,59,53,22,55,9,205,227,206,188,267,208,191,188,173,163,595,589,586,564,545,650,537,668,703,675,653,630,706,694,670,568,822,787,2067,2085,1985,1929,1360,1355,1944,1838,2095,1819,1765,1722]} 1. e4 {[%cal Be2e4,Be4e5][%mdl 32]} c6 2. d4 d5 3. e5 g6 4. Nf3 Bg7 5. c4 Bg4 {LiveBook: 6 Games} (5... Nh6 6. Bd3 O-O 7. O-O Bg4 8. Nbd2 f6 9. Re1 fxe5 10. dxe5 Nd7 11. h3 Nxe5 12. Rxe5 Bxe5 13. hxg4 Nxg4 14. cxd5 cxd5 15. Nxe5 Nxe5 {1-0 (30) Svetushkin,D (2544)-Enchev,I (2465) Achaea 2016}) 6. Nc3 {[%cal Bb1c3,Bc3e4,Be4g3,Bg3f5][%mdl 32] B06: Modern Defence} dxc4 7. Bxc4 e6 {[#]} (7... Nh6 $14) 8. Ne4 $1 $16 {[%cal Re4d6] Hoping for Nd6+.White is clearly better.} Bf8 9. O-O Nd7 10. Bg5 Qc7 11. h3 $146 ({Find the theoretical novelty and annotate with similar games:} 11. Re1 h6 12. Bf4 Nb6 13. Bb3 {1-0 (44) Soppela,J (2163)-Parkkinen,J (2146) Finland 1999}) 11... Bf5 12. Ng3 (12. Nc3 {feels hotter.} h6 13. Bd2 g5 14. Bb3 Ne7 15. Qe2) 12... h6 13. Nxf5 hxg5 14. Ng3 Be7 15. Qd2 O-O-O 16. Rfd1 Nh6 17. b4 ({White should play} 17. a4 $14) 17... g4 18. hxg4 Nxg4 {[%cal Rd7e5] [#] Threatens to win with ...Ndxe5!} 19. Qf4 Nh6 $1 20. b5 Nb6 21. Bb3 Nf5 (21... cxb5 $2 22. Rdc1 $18) 22. bxc6 bxc6 23. Rac1 g5 24. Qe4 ({Don't play} 24. Nxg5 Bxg5 25. Qxg5 Nxd4 $14) 24... Nxg3 25. fxg3 Kb7 26. Rc2 Qd7 27. g4 Rc8 28. Qe1 Rc7 29. a4 a5 $2 (29... Nd5 $11) 30. Qxa5 $18 {aiming for Bxe6!} Ra8 31. Qd2 Nxa4 (31... c5 $142) 32. Nxg5 Bxg5 33. Qxg5 Nb6 34. Rb2 Ra1 $2 (34... Ra5 {is a better chance.} 35. Bc4 Ra1) 35. Qd2 {White is clearly winning.} ({And not} 35. Rxa1 Qxd4+ 36. Rf2 Qxa1+ 37. Kh2 c5 $17) 35... Rxd1+ 36. Bxd1 ({Less strong is} 36. Qxd1 c5 $16) 36... Qd8 37. Bf3 Rd7 38. Qc3 Qc7 39. Qc5 Rd8 40. Kf2 Ra8 41. Rc2 Rc8 42. Ke3 Nd7 43. Qe7 Nb8 44. Rb2+ Ka8 45. Qa3+ Qa7 46. Qb3 Rc7 47. Ra2 Na6 48. Qc4 Kb7 49. Be2 {Precision: White = 69%, Black = 38%.} 1-0

[Event "EYCC 2017"]
[Site "Mamaia"]
[Date "2017.09.05"]
[Round "1"]
[White "Antonica, Dragos-Andrei"]
[Black "Voicu, Teodor-Mihnea"]
[Result "1-0"]
[WhiteElo "2193"]
[BlackElo "1659"]
[Annotator "TA"]
[PlyCount "93"]
[EventDate "2017.??.??"]
[EventType "swiss"]
[EventCountry "ROU"]
[SourceTitle "playchess.com"]
[Source "ChessBase"]
[SourceQuality "1"]

{[%evp 19,93,4,21,-8,0,-7,37,54,67,64,72,62,66,63,59,66,53,55,84,84,84,84,84,89,84,79,96,90,91,67,97,71,128,93,168,109,109,109,109,110,106,94,97,97,95,99,123,115,104,101,158,152,160,137,162,164,160,82,160,159,153,152,159,150,160,176,172,169,181,176,402,364,960,491,1642,1550]} 1. d4 d5 2. Nf3 Nf6 3. e3 e6 4. b3 Be7 5. Bb2 O-O 6. Bd3 Nbd7 7. O-O c5 8. c4 b6 9. Nc3 Bb7 10. Rc1 Rc8 {LiveBook: 27 Games. E14: Queen's Indian: Classical Variation (4 e3)} (10... Ne4 11. Qc2 Ndf6 12. Rfd1 cxd4 13. Bxe4 dxc3 14. Qxc3 Qc7 15. Bb1 dxc4 16. Ng5 h6 17. Qc2 Rfd8 18. Nf3 {1-0 (45) Mamedyarov,S (2800)-Bacrot,E (2708) Paris 2017}) 11. Ne5 dxc4 12. Bxc4 Nxe5 $146 {The position is equal.} ({Find the theoretical novelty and annotate with similar games:} 12... cxd4 13. exd4 Nd5 14. Qe2 Nf4 15. Qg4 Nxe5 16. dxe5 Nxg2 17. Rfd1 Qe8 18. Bb5 {1-0 (27) Mader,M (2061)-Weiler,W (2199) Germany 2007}) 13. dxe5 Ne8 14. Qg4 {Black must now prevent Rfd1.} Nc7 15. Rfd1 Qe8 $1 16. Ne4 Bxe4 17. Qxe4 Rd8 18. Qb7 Rxd1+ 19. Rxd1 Qb8 20. Qxb8 Rxb8 21. Rd7 $36 {[%mdl 2048] White is really pushing.} Bd8 22. Bd3 Kf8 23. Be4 ({But not} 23. Bxh7 $6 g6 $11) 23... a5 24. f4 ({Of course not} 24. Bxh7 g6 $15) 24... g6 25. g4 Ne8 ({Black should try} 25... Na6) 26. f5 Be7 (26... gxf5 $16 27. gxf5 exf5 28. Bxf5 h5) 27. Bc3 (27. f6 $18 Bd8 28. Kf2) 27... exf5 $16 28. gxf5 gxf5 29. Bxf5 h5 30. Kf2 Ng7 31. Be4 Ne6 32. Ke2 Ng5 33. Bf5 Ne6 34. Ra7 Nd8 (34... Bd8 $142) 35. Be4 Ne6 36. Bd5 Nd8 37. a4 Ne6 38. Bg2 (38. Kd3 $142) 38... Nd8 (38... c4 $142) 39. Be4 Ne6 40. Bd5 Nd8 41. Kd3 Ne6 42. Kc4 Bg5 43. e4 Bd8 44. Kb5 Nc7+ $2 {[#]} (44... Rc8 {was worth a try.} 45. Rd7 Ke8) 45. Kc6 $1 $18 Ke8 $2 (45... Ne6 46. Kd6 Bh4 47. Bxe6 fxe6 48. Kxe6 c4) 46. Bd2 h4 (46... Rc8 $142 47. Kb7 Nxd5 48. Kxc8 Ne7+ 49. Kb7 Ng6) 47. Rxc7 {Precision: White = 69%, Black = 27%.} 1-0

[Event "EYCC 2017"]
[Site "Mamaia"]
[Date "2017.09.05"]
[Round "1"]
[White "Peycheva, Gergana"]
[Black "Sosnina, Ekaterina"]
[Result "0-1"]
[WhiteElo "2187"]
[BlackElo "1732"]
[Annotator "TA"]
[PlyCount "170"]
[EventDate "2017.??.??"]
[EventType "swiss"]
[EventCountry "ROU"]
[SourceTitle "playchess.com"]
[Source "ChessBase"]
[SourceQuality "1"]

{[%evp 10,170,33,26,30,35,76,76,73,37,37,37,36,14,33,35,39,39,40,32,34,26,45,0,0,0,0,-6,63,60,52,69,73,55,54,0,68,-96,-81,-124,-43,-48,-48,-48,-27,-51,-37,-90,-99,-153,-123,-384,-383,-383,-383,-380,-365,-325,-367,-337,-269,-317,-118,-401,-389,-362,-335,-393,-370,-529,-519,-603,-735,-707,-729,-793,-744,-744,-744,-747,-737,-725,-715,-696,-668,-614,0,-685,-682,-650,-635,-636,-429,-569,0,0,0,-217,0,0,0,0,0,0,0,-817,-807,-807,-792,-782,-771,-719,-684,-641,0,0,0,0,0,-621,-611,-602,-584,-579,-577,-550,-547,-538,-458,-450,-432,-650,-650,-725,-719,-576,-442,-5246,-910,-29964,-29964,-29959,-29964,-29962,-29951,-12833,-11407,-7548,-6368,-5094,-5088,-29982,-29983,-29983,-29984,-29984,-29985,-29988,-29989,-29989,-29990,-29990,-29991]} 1. d4 Nf6 2. c4 d6 3. Nc3 e5 4. d5 Be7 5. e4 O-O 6. Nf3 {LiveBook: 10 Games} Bg4 {A53: Old Indian Defence without Nf3} (6... Na6 7. h3 c6 8. Be3 Bd7 9. Nd2 Ne8 10. h4 Nac7 11. g3 cxd5 12. cxd5 b5 13. b4 Kh8 14. Be2 {1-0 (54) Vidarte Morales,A (2324)-Bailet,P (2492) Barcelona 2016}) 7. h3 Bxf3 $146 ({Predecessor:} 7... Bh5 8. Bd3 Nbd7 9. g4 Bg6 10. Bc2 Nc5 11. Qe2 a5 12. Rg1 c6 13. h4 h5 14. g5 Nfd7 15. Be3 {½-½ (15) Martyn,R (2201)-Giadrosic,D (1983) Charleroi 2002}) 8. Qxf3 Nfd7 {White is better.} 9. Bd3 (9. h4 $5) 9... Bg5 10. O-O a5 11. Qe2 Bxc1 12. Raxc1 Qg5 13. g3 Na6 14. Kh2 Nac5 15. Bb1 Qh6 16. f4 (16. b3 $14) 16... exf4 $11 17. gxf4 Rae8 18. Qf3 f5 (18... Re7 $11) 19. exf5 $14 Re7 20. Rce1 Rfe8 21. Rxe7 Rxe7 22. Nb5 (22. b3 $14) 22... Nf6 (22... Qf6 $11) 23. Nd4 $2 (23. Kg2 $14 {stays ahead.}) 23... Re3 $1 $17 {[%cal Re3f3]} 24. Qg2 Nce4 ({Black should try} 24... Nd3 $1 $17 {[%cal Rd3f4]} 25. Bxd3 Rxd3) 25. Bxe4 $1 $15 Nxe4 {[%cal Bf6e4,Be4d2,Bd2f1][%mdl 32]} 26. Rf3 $1 {[%cal Rf3e3]} Re1 $36 {[%mdl 3072] Black has compensation. Black has some pressure.} 27. Ne6 {And now Ra3 would win.} Rd1 $1 {[%cal Rd1d2] ...Rd2 is the strong threat.} 28. Re3 (28. Qg4 $15) 28... Nd2 $17 {Strongly threatening ...Nf1+.} 29. Ng5 ({Better is} 29. Rf3 Nxf3+ 30. Qxf3) 29... Qh5 30. Qe2 $2 {[%mdl 8192]} (30. f6 $17 {was the only defense.} Nf1+ 31. Qxf1 Rxf1 32. f7+ Qxf7 33. Nxf7 Kxf7 34. Kg3) 30... Nf1+ $19 31. Kg2 {Threatening mate with Re8+.} Rd2 $1 ({Not} 31... Nxe3+ 32. Qxe3 Kf8 33. Ne6+ Kg8 34. Ng5 $11) 32. Kxf1 Rxe2 33. Rxe2 {[%mdl 4096] Endgame KQ-KRN} h6 34. Ne6 Qxh3+ 35. Rg2 c6 $2 ({Weaker is} 35... Qxf5 36. Rxg7+ Kh8 37. Rxc7 $19) (35... Kh8 $19 {is more deadly. Hoping for ...c6.} 36. Kf2 Qxf5 37. Rxg7 c6) 36. Kf2 $2 {[%mdl 8192]} (36. c5 $17) 36... Qxf5 37. Rxg7+ Kh8 38. Rd7 cxd5 39. cxd5 (39. Rxd6 {was called for.} dxc4 40. Ke3) 39... Qxd5 40. Rd8+ Kh7 41. Rd7+ Kg8 42. Nc7 Qc6 43. Ne8 Qc5+ 44. Kg2 Qd5+ 45. Kg3 Qe6 46. Rd8 Kh7 47. Rd7+ Kg8 48. Rd8 Qe7 49. Rb8 Qe3+ 50. Kg4 Qe2+ 51. Kf5 Qc2+ $2 (51... Qh5+ $19 52. Ke4 Qg6+ 53. Kd4 Kf7) 52. Kf6 $1 $11 Qxb2+ 53. Kg6 $2 (53. Ke7 $1 $11 Kh7 54. f5 Qe2+ 55. Kf8) 53... Qc2+ $2 (53... Qg2+ $19 54. Kf6 Qb2+ 55. Ke7 Kh7) 54. f5 {[%cal Re8f6]} Qg2+ 55. Kf6 $1 Qg5+ 56. Ke6 {Nf6+ would kill now.} Qe3+ 57. Kf6 $2 {[%mdl 8192]} (57. Kd7 $11) 57... Qe5+ 58. Kg6 Qg3+ 59. Kf6 Qh4+ 60. Ke6 Qe4+ 61. Kf6 Qe5+ $2 (61... Qd4+ $1 $19 62. Kg6 Qg4+ 63. Kf6 Qd4+ 64. Kg6 Qg4+ 65. Kf6 Qh4+ 66. Ke6 Qc4+ 67. Kd7 Qf7+ 68. Kxd6 Qxf5 69. Nc7+ Kf7 70. Rxb7 Qf4+ 71. Kc5 Qf2+ 72. Kd6 Qxa2 73. Nd5+ Kg6) 62. Kg6 {[%csl Gg6][%cal Re8f6]} Qg3+ 63. Kf6 $1 Qh4+ $2 {[%mdl 8192]} (63... b5 $11 64. Nxd6+ Kh7 65. Rb7+ Kh8 66. Rb8+ Kh7 67. Rb7+ Kh8 68. Rb8+ Kh7) 64. Ke6 $19 {[#] White threatens Nf6+ and mate.} Qc4+ $1 65. Ke7 {[#]} Qf7+ $1 66. Kxd6 Qxf5 67. Nc7+ Kf7 68. Rxb7 {intending Nd5+.} Qf6+ 69. Ne6+ Kg6 70. Rb5 (70. Rb8 $142) 70... h5 71. Rxa5 h4 72. Ra3 Kf7 73. Rf3 (73. Ra7+ $142 Kg6 74. Ra3) 73... h3 $1 {[%cal Rh3h2]} 74. Kd7 h2 75. Ng5+ Kg6 76. Rxf6+ Kxf6 {KN-KP} 77. Ne4+ Kf5 78. Nf2 Kf4 79. a4 Kf3 80. Nh1 Kg2 {Black mates.} 81. a5 Kxh1 82. a6 Kg1 83. a7 h1=Q 84. Kc7 Qa8 85. Kb6 Kf2 {Precision: White = 36%, Black = 61%.} 0-1

[Event "EYCC 2017"]
[Site "Mamaia"]
[Date "2017.09.05"]
[Round "1"]
[White "Jafarli, Babak"]
[Black "Van Foreest, Lucas"]
[Result "0-1"]
[WhiteElo "2177"]
[BlackElo "2467"]
[Annotator "TA"]
[PlyCount "76"]
[EventDate "2017.??.??"]
[EventType "swiss"]
[EventCountry "ROU"]
[SourceTitle "playchess.com"]
[Source "ChessBase"]
[SourceQuality "1"]

{[%evp 13,76,2,19,0,4,6,37,14,25,19,20,25,19,25,20,-25,-29,-36,-16,-237,-226,-233,-233,-240,-240,-352,-402,-393,-359,-355,-337,-613,-615,-609,-575,-592,-568,-579,0,-565,0,-544,-556,-760,-470,-470,0,-678,-585,-585,-516,-467,-368,-364,-323,-400,-345,-551,-551,-550,-545,-505,-520,-641,-641]} 1. e4 c6 2. d4 d5 3. Nc3 dxe4 4. Nxe4 Nf6 5. Nxf6+ exf6 6. Nf3 Bd6 7. Be3 O-O {LiveBook: 12 Games. B15: Caro-Kann: 3 Nc3: 3...g6 and 3...dxe4 4 Nxe4 Nf6 5 Nxf6+ exf6} 8. Qd2 Nd7 {[%cal Bb8d7,Bd7b6,Bb6d5][%mdl 32]} 9. Bd3 (9. O-O-O Re8 10. Kb1 Nf8 11. Bd3 a5 12. Rdg1 f5 13. Bf4 Bxf4 14. Qxf4 g6 15. h4 {½-½ (29) Vykouk,J (2428)-Kourousis,E (2378) Prague 2016}) 9... b5 {The position is equal.} 10. a4 $146 ({Predecessor:} 10. Be4 Bb7 11. O-O Qc7 12. h3 g6 13. Bh6 Rfe8 14. Rfe1 Nb6 15. Bd3 Nd5 16. c3 {0-1 (55) Kristensen,K-Roelvaag,M (2265) Narvik 2000}) 10... bxa4 11. O-O Nb6 12. c4 Bc7 13. Qc2 g6 14. c5 Nd5 15. Qxa4 Bg4 {Strongly threatening ...Bxf3.} 16. Qxc6 $2 (16. Ne1 $11 {and White stays safe.}) 16... Rc8 $19 17. Qa4 {[#]} Bxf3 $1 18. gxf3 {[#]} f5 $1 {Threatens to win with ...Qh4.} 19. Rfe1 ({Don't blunder} 19. Qxa7 $2 Qh4 $19) (19. Kh1 $142 Qh4 20. f4) 19... Qh4 20. Bc4 Nxe3 21. Rxe3 Bf4 {aiming for ...Qh3.} ({Not} 21... Qxh2+ 22. Kf1 $17) 22. Raa3 $2 (22. Kf1 Bxe3 23. fxe3 Qxh2 24. b4) 22... Qh3 23. Qc2 Bxh2+ 24. Kh1 Bf4+ 25. Kg1 Bh2+ 26. Kh1 Bf4+ 27. Kg1 Rce8 28. Qd2 Bh2+ 29. Kh1 Bf4+ (29... Bc7+ $142 30. Kg1 Bh2+ 31. Kh1 Bf4+ 32. Kg1 h5) 30. Kg1 Qh2+ 31. Kf1 Bxe3 32. Rxe3 f4 33. Re5 Qh3+ ({Less strong is} 33... Rxe5 34. dxe5 Qh3+ 35. Ke2 $17) 34. Ke2 Qf5 35. Qc3 (35. Kf1 $142 Rxe5 36. dxe5) 35... Rxe5+ {Black is clearly winning.} 36. dxe5 Re8 37. e6 Qxc5 38. Kf1 Rxe6 {Precision: White = 28%, Black = 69%.} 0-1

[Event "EYCC 2017"]
[Site "Mamaia"]
[Date "2017.09.05"]
[Round "1"]
[White "Kanakova, Natalie"]
[Black "Nass, Sara"]
[Result "1-0"]
[WhiteElo "2176"]
[BlackElo "1804"]
[Annotator "TA"]
[PlyCount "83"]
[EventDate "2017.??.??"]
[EventType "swiss"]
[EventCountry "ROU"]
[SourceTitle "playchess.com"]
[Source "ChessBase"]
[SourceQuality "1"]

{[%evp 23,83,59,57,-10,-23,-8,-7,-95,-95,-77,-75,-207,-42,-42,-45,-38,-19,-1,132,130,118,128,119,129,115,0,6,0,20,0,6,0,0,0,0,0,65,68,194,12,40,0,0,0,100,13,145,153,427,428,12834,12835,12829,4044,12835,11049,12827,1702,12840,12840,12840,11264]} 1. e4 c5 2. Nf3 Nc6 3. d4 cxd4 4. Nxd4 Nf6 5. Nc3 e5 6. Ndb5 h6 7. Nd6+ Bxd6 8. Qxd6 Qe7 9. Qxe7+ Kxe7 10. Be3 d6 11. f3 {B33: Sicilian: Pelikan and Sveshnikov Variations} Be6 12. O-O-O Rhd8 {LiveBook: 3 Games} 13. Nd5+ $146 ({Better is} 13. Rd2 $14) ({Predecessor:} 13. b3 b6 14. Kb2 d5 15. exd5 Nxd5 16. Nxd5+ Rxd5 17. Rxd5 Bxd5 18. Bb5 Rc8 {½-½ (67) Lintchevski,D (2569)-Usmanov,V (2455) St Petersburg 2017}) 13... Bxd5 $1 $11 14. exd5 Nb4 15. Bc4 (15. c3 $11 {remains equal.} Rdc8 16. Kb1 Nbxd5 17. Bf2) 15... Rdc8 $1 $17 {[%cal Rc8c4]} 16. Bb3 a5 $1 {[%cal Ra5a4]} 17. Bd2 {[#]} (17. a4 $17) 17... a4 $2 ({Less strong is} 17... Nbxd5 18. a4 $15) ({Resist} 17... Nfxd5 18. a3 $15) (17... Nd3+ $1 $19 18. Kb1 Nf2) 18. Bxb4 $15 axb3 19. axb3 Nxd5 20. Ba3 $1 b5 (20... Ne3 $11 21. Rd2 Nf5) 21. Rxd5 $16 b4 22. Rhd1 ({Not} 22. Bxb4 Ra1+ 23. Kd2 Rxh1 $17) 22... bxa3 23. bxa3 Rxa3 {[%mdl 4096] Endgame KRR-KRR} 24. Kb2 (24. Rxd6 $16 Rxb3 25. Rd7+ Ke8 26. Rd8+ Rxd8 27. cxb3) 24... Ra6 25. c4 f6 26. Rb5 Rc7 27. Rd2 Ke6 28. Kc3 h5 29. h4 (29. f4 $5) 29... Ra1 (29... Rca7 $11) 30. Rb6 $14 Rd7 (30... Ke7 $14) 31. b4 $2 (31. c5 $18) 31... Rc1+ 32. Kb3 {Strongly threatening c5.} (32. Rc2 $5 {[%cal Rc2c1]} Rb1 33. c5 $16) 32... Ke7 $1 33. b5 {[%cal Bb4b5,Bb5b6][%mdl 32]} Rh1 (33... Rc7 $11 {keeps the balance.}) 34. Rb8 (34. Ra6 $16) 34... Rb1+ (34... Rc7 $1 $11) 35. Kc2 Rh1 $2 {[#]} (35... Rb4 $16 {keeps fighting.}) 36. b6 $1 $18 {White is clearly winning.} Rd8 (36... Rxh4 $142 37. b7 Rxc4+ 38. Kb3 Rc6) 37. Rxd8 Kxd8 38. Rxd6+ Kc8 39. c5 {[%cal Bc4c5,Bc5c6][%mdl 32]} Rxh4 40. Kc3 (40. c6 $142 Rb4 41. c7 Rc4+ 42. Kd3) 40... Rh2 41. c6 {White threatens c7 and mate.} Rh1 42. b7+ {Precision: White = 29%, Black = 30%.} 1-0